Akta Eksais dan Peraturan-peraturan (Akta 176) : (Record no. 4675)

000 -LEADER
fixed length control field nam a22 a 4500
003 - CONTROL NUMBER IDENTIFIER
control field AKMAL
005 - DATE AND TIME OF LATEST TRANSACTION
control field 20170727153509.0
008 - FIXED-LENGTH DATA ELEMENTS--GENERAL INFORMATION
fixed length control field 17 s2017 my | e l 000 0 may d
020 ## - INTERNATIONAL STANDARD BOOK NUMBER
International Standard Book Number 9789677011694 (kkt.) :
Terms of availability RM40.00
082 04 - DEWEY DECIMAL CLASSIFICATION NUMBER
Classification number 343.595056 MAL
Edition number 22
090 00 - LOCALLY ASSIGNED LC-TYPE CALL NUMBER (OCLC); LOCAL CALL NUMBER (RLIN)
Classification number (OCLC) (R) ; Classification number, CALL (RLIN) (NR) 343.595056
Local cutter number (OCLC) ; Book number/undivided call number, CALL (RLIN) MAL
110 1# - MAIN ENTRY--CORPORATE NAME
Corporate name or jurisdiction name as entry element Malaysia
9 (RLIN) 400
245 10 - TITLE STATEMENT
Title Akta Eksais dan Peraturan-peraturan (Akta 176) :
Remainder of title semua pindaan hingga Disember, 2014 /
Statement of responsibility, etc. disusun semula oleh : Penasihat Undang-undang MDC
260 ## - PUBLICATION, DISTRIBUTION, ETC.
Place of publication, distribution, etc. Kuala Lumpur :
Name of publisher, distributor, etc. MDC Publishers,
Date of publication, distribution, etc. 2017
300 ## - PHYSICAL DESCRIPTION
Extent 206ms. ;
Dimensions 26cm.
490 1# - SERIES STATEMENT
Series statement Undang-undang Malaysia
650 10 - SUBJECT ADDED ENTRY--TOPICAL TERM
Topical term or geographic name entry element Excise tax
General subdivision Law and legislation
Geographic subdivision Malaysia
9 (RLIN) 623
650 20 - SUBJECT ADDED ENTRY--TOPICAL TERM
Topical term or geographic name entry element Tariff on liquors
9 (RLIN) 1636
710 2# - ADDED ENTRY--CORPORATE NAME
Corporate name or jurisdiction name as entry element Penasihat Undang-Undang MDC
9 (RLIN) 405
830 #0 - SERIES ADDED ENTRY--UNIFORM TITLE
Uniform title UNDANG-UNDANG MALAYSIA
9 (RLIN) 8993
942 ## - ADDED ENTRY ELEMENTS (KOHA)
Source of classification or shelving scheme
Koha item type Book
Holdings
Withdrawn status Lost status Source of classification or shelving scheme Damaged status Not for loan Collection code Home library Current library Shelving location Date acquired Inventory number Total Checkouts Full call number Barcode Date last seen Date last checked out Price effective from Koha item type Total Renewals
          NON-FICTION AKMAL Melaka AKMAL Melaka PINJAMAN 27.07.2017 307102 1 343.595056 MAL 201707640 13.04.2018 30.03.2018 27.07.2017 Book  
          NON-FICTION AKMAL Melaka AKMAL Melaka PINJAMAN 27.07.2017 307108 5 343.595056 MAL 201707635 18.09.2019 23.08.2019 27.07.2017 Book 1
          NON-FICTION AKMAL Melaka AKMAL Melaka PINJAMAN 27.07.2017 307109 7 343.595056 MAL 201707634 10.04.2023 06.04.2023 27.07.2017 Book  
          NON-FICTION AKMAL Melaka AKMAL Melaka PINJAMAN 27.07.2017 307104 6 343.595056 MAL 201707639 18.09.2019 31.07.2018 27.07.2017 Book 2
          NON-FICTION AKMAL Melaka AKMAL Melaka PINJAMAN 27.07.2017 307105 4 343.595056 MAL 201707638 15.06.2020 24.02.2020 27.07.2017 Book 1
          NON-FICTION AKMAL Melaka AKMAL Melaka PINJAMAN 27.07.2017 307106 4 343.595056 MAL 201707637 30.09.2019 24.09.2019 27.07.2017 Book  
          NON-FICTION AKMAL Melaka AKMAL Melaka PINJAMAN 27.07.2017 307107 3 343.595056 MAL 201707636 18.09.2019 23.08.2019 27.07.2017 Book  
          NON-FICTION AKMAL Melaka AKMAL Melaka PINJAMAN 27.07.2017 307110 2 343.595056 MAL 201707633 18.09.2019 23.08.2019 27.07.2017 Book  
          NON-FICTION AKMAL Melaka AKMAL Melaka PINJAMAN 27.07.2017 307111 4 343.595056 MAL 201707632 16.06.2020 24.02.2020 27.07.2017 Book  
          NON-FICTION AKMAL Melaka AKMAL Melaka PINJAMAN 27.07.2017 307113   343.595056 MAL 201707466 27.07.2017   27.07.2017 Book  
          NON-FICTION AKMAL Melaka AKMAL Melaka PINJAMAN 27.07.2017 307103 3 343.595056 MAL 201707641 17.06.2025 16.06.2025 27.07.2017 Book  
Pusat Sumber Maklumat Dato' Haji Sarmin Md Hussin, Akademi Kastam Diraja Malaysia, Melaka
Tel: 06-2331106 | Faks: 06-2313787